01032nam a2200265 i 4500001000700000003000900007005001700016007000300033008004100036020001800077080004800095100005000143245011300193250001200306260003300318300003400351490003200385504003200417600006300449700005100512830004000563852002200603999001900625952012200644103245ES-MaACL20250511130025.0t|060207s1991 sp ||||1| spa d a84-307-8454-3 a821.134.2 Rojas, Fernando de 7 Celestina.071 aSánchez Sánchez-Serrano, Antonio.910292410aFernando de Rojas y la Celestina / cAntonio Sánchez Sánchez-Serrano, Mª Remedios Prieto de la Iglesia. a1ª ed. aBarcelona : bTeide, c1991. aVI, 170 p. : bil. ; c22 cm.1 aEl escritor y su literatura aBibliografía: p. 150-167.14aRojas, Fernando de, dca. 1470-1541. tLa Celestina9990431 aPrieto de la Iglesia, María Remedios.9939231 aEl escritor y su literatura9178244 aES-MaACLjL-19914 c103245d103245 00104070aATENEOMbATENEOMcDEPO2d2008-01-17eSCl0oL-19914p1107811r2023-02-23 00:00:00w2023-02-23yMONOGRAFIA